Taste the Turkish hospitality (Record no. 271)

MARC details
000 -BAŞLIK
Sabit Uzunlukta Kontrol Alanı 00660na a2200217 4500
001 - KONTROL NUMARASI
Denetim Alanı 13432
003 - KONTROL NUMARASI IDENTIFIER
Denetim Alanı MIRAKIL
005 - SON İŞLEM TARİHİ VE ZAMANI
Denetim Alanı 20181213154741.0
008 - SABİT-BOY VERİ ELEMANLARI - GENEL BİLGİLER
Sabit Uzunlukta Kontrol Alanı 161010b tu 000 0
040 ## - KATALOGLAMA KAYNAK
Orijinal Kataloglama Ajansı Milas
Kataloglama Dili tur
Metne Dönüştürmek Ajansı TR-AnCHP
041 ## - DİL KODU
Metin / Ses Parça Veya Ayrı Başlığın Dil Kodu eng
082 ## - DEWEY ONLU SINIFLANDIRMA NUMARASI
Sınıflandırma Numarası 943.51771
Ürün Numarası T86t [t.y.]
090 ## - SINIFLAMA NUMARASI
Sınıflama Numarası 943.51771 T86t [t.y.]
130 ## - ANA GİRİŞ - ÜNİFORM BAŞLIK
Üniforma Başlık Turkish cultural center New York
245 ## - BAŞLIK TABLOSU
Başlık Taste the Turkish hospitality
Sorumluluk Tablosu, Vb Turkish cultural center New York
260 ## - YAYIN, DAĞITIM, VB
Yayın, Dağıtım, Vb Yeri New York
Yayıncı, Dağıtıcı, Vs Adı Turkish cultural center New York
Yayın, Dağıtım, Vb Tarihi [t. y.]
300 ## - FİZİKSEL TANIM
Kapsam 84 s.
Diğer Fiziksel Ayrıntıları fotğ.
Boyutlar 22 sm.
650 ## - KONU KATMA GİRİŞ - TOPİKAL DÖNEM
Topikal Süreli Veya Coğrafi Ad Giriş Elemanı Kültür
Genel Alt Bölümü Tanıtım
Coğrafi Alt Bölümü Türkiye
650 ## - KONU KATMA GİRİŞ - TOPİKAL DÖNEM
Topikal Süreli Veya Coğrafi Ad Giriş Elemanı Türk kültürü
Genel Alt Bölümü Konuk severlik
942 ## - EKLENDİ GİRİŞ ELEMANLARI (KOHA)
Sınıflandırma Veya Raf Düzeni Kaynak Dewey Decimal Classification
Koha Öğesi Türü Books
999 ## - SİSTEM KONTROL NUMARALARI (KOHA)
Koha Biblionumber 271
Koha Biblioitemnumber 271
Holdings
Kalıcı Konum Mevcut Konum Edinme Tarihi Edinim Kaynak Toplam Check-Out'Lar Tam Çağrı Numarası Barkod Tarih Son Görülme İtibaren Geçerli Fiyatlar Koha Öğesi Türü
CHP Kütüphanesi CHP Kütüphanesi 08/13/2016 Bağış   943.51771 T86t [t.y.] 001195 08/13/2016 08/13/2016 Books